02217nam a2200301 u 4500001000500000005001700005008004100022020001500063035000900078035002000087040001300107041000800120080000600128082000800134100003200142245009300174250001000267260005100277300001800328500005000346505131300396650002301709700003101732700003201763700003301795700004801828700003901876400420260428104353.0950829s1994 spa  a9586001954 a4004 a(OCoLC)38825368 ccomduadb aspa aC 4a65710aPolimeni, Ralph S4auteaut10aContabilidad de costos : conceptos y aplicaciones para la toma de decisiones gerenciales a3.ed. aBogotá :bMcGraw-Hill Interamericana,c1994. a879 páginas aDonación: Francisco León Marín: Jul/95. aCONTENIDO: 1. Naturaleza, conceptos y clasificación de la contabilidad de costos -- 2. Sistemas de acumulación de costos de producto, estados financieros e informes internos -- 3. Costeo y control de materiales y mano de obra -- 4. Costeo y control de costos indirectos de fabricación -- 5. Sistema de costeo por órdenes de trabajo -- 6. Costeo por procesos I: naturaleza y características -- 7. Costeo por procesos II: ampliación de conceptos -- 8. Costeo de productos conjuntos y subproductos -- 9. Presupuesto maestro -- 10. Costo estándar I: establecimiento de estándares -- 11. Costo estándar II: cálculo y análisis de variaciones -- 12. Costo estándar III: asientos en el libro diario y disposición de las variaciones -- 13. Costeo directo y por absorción -- 14. Costos e ingresos relevantes en la toma de decisiones a corto plazo -- 15. Análisis del punto de equilibrio y análisis de costo-volumen-utilidad -- 16. Presupuestación de capital -- 17. Operaciones descentralizadas y contabilidad por niveles de responsabilidad -- 18. Medición del desempeño I: evaluación del desempeño por centro de responsabilidad -- 19. Medición del desempeño II: análisis de la utilidad bruta -- 20. Medición del desempeño III: fijación de precios de transferencia. 7aContabilidad2lemb10aKole, Michael A.4auteaut10aFabozzi, Frank J.4auteaut10aAdelberg, Arthur H4auteaut10aRosas Lopetegui, Gloria Elizabeth4trletrl10aSuárez R., Martha Edna4edteedt